[Event "Bretagne-ch U10 Girls"]
[Site "Ploermel"]
[Date "2007.02.16"]
[Round "6"]
[White "Chalony, Chloe"]
[Black "Payoux, Auriane"]
[Result "0-1"]
[WhiteElo "1410"]
[BlackElo "1290"]
[PlyCount "82"]
[EventDate "2007.02.13"]
[EventType "tourn"]
[EventRounds "6"]
[EventCountry "FRA"]
[SourceTitle "EXT 2008"]
[Source "ChessBase"]
[SourceDate "2007.11.25"]
[SourceVersion "1"]
[SourceVersionDate "2007.11.25"]
[SourceQuality "1"]

1. c4 e5 2. g3 Nf6 3. e3 d5 4. b3 Nc6 5. Nc3 d4 6. Nb5 Bb4 7. a3 Bc5 8. Bg2 Bd7 9. Bb2 a6 10. exd4 exd4 11. Qe2+ Be6 12. Bh3 0-0 13. Bxe6 fxe6 14. Qxe6+ Rf7 15. Nf3 axb5 16. Ng5 Qe8 17. Qxe8+ Rxe8+ 18. Kf1 Rff8 19. a4 bxa4 20. Rxa4 Ng4 21. Nh3 d3 22. f4 Bd4 23. Ba3 Rf6 24. Rb4 Nxb4 25. Bxb4 Rfe6 26. Kg2 Re2+ 27. Kf3 Nxh2+ 28. Rxh2 Rxh2 29. Ng5 Rf2+ 30. Kg4 c5 31. Ba5 b6 32. Bxb6 Rxd2 33. Ba5 Ra2 34. Bc7 d2 35. Nf3 d1Q 36. f5 Qxb3 37. Kg5 Qe3+ 38. Kg4 Re4+ 39. Kh3 Qxf3 40. f6 Bxf6 41. Be5 Qg2# 0-1

[Event "Bretagne-ch U10 Girls"]
[Site "Ploermel"]
[Date "2007.02.13"]
[Round "1"]
[White "Chalony, Chloe"]
[Black "Ruhlmann, Helene"]
[Result "1-0"]
[WhiteElo "1410"]
[BlackElo "1130"]
[PlyCount "91"]
[EventDate "2007.02.13"]
[EventType "tourn"]
[EventRounds "6"]
[EventCountry "FRA"]
[SourceTitle "EXT 2008"]
[Source "ChessBase"]
[SourceDate "2007.11.25"]
[SourceVersion "1"]
[SourceVersionDate "2007.11.25"]
[SourceQuality "1"]

1. c4 e5 2. e3 Nf6 3. g3 Bc5 4. Bg2 Nc6 5. Ne2 0-0 6. 0-0 b6 7. b3 h6 8. Bb2 Be7 9. Nbc3 d6 10. Bxc6 Rb8 11. Bg2 Bb7 12. Bxb7 Rxb7 13. Nb5 d5 14. Bxe5 c6 15. Nbd4 b5 16. Nxc6 Qd7 17. cxb5 Rxb5 18. Qc2 Bd8 19. Nb8 Qe6 20. Nd4 Qxe5 21. Nxb5 Qxb8 22. Nd4 Qe5 23. Nc6 Qh5 24. Nxa7 Ng4 25. h4 Bf6 26. Rac1 d4 27. Qd3 dxe3 28. dxe3 Qa5 29. Nb5 Qxa2 30. Rc2 Qa6 31. b4 Ne5 32. Ra2 Qxa2 33. Qd6 Qa4 34. Qc5 Rb8 35. Nc3 Rxb4 36. Nxa4 Rxa4 37. Qc8+ Kh7 38. Qc2+ Kg8 39. Qxa4 Nf3+ 40. Kg2 Nd2 41. Rc1 Kf8 42. Rc7 Bd8 43. Rb7 h5 44. Qd7 Kg8 45. Qxf7+ Kh7 46. Qxg7# 1-0